Du contrat social
Guardat en:
| Autor principal: | |
|---|---|
| Format: | Llibre |
| Idioma: | francès |
| Publicat: |
París
Garnier Frères
1962
|
| Col·lecció: | Classiques Garnier
|
| Matèries: | |
| Etiquetes: |
Afegir etiqueta
Sense etiquetes, Sigues el primer a etiquetar aquest registre!
|
MARC
| LEADER | 00000nam a2200000 a 4500 | ||
|---|---|---|---|
| 001 | UCZ3252 | ||
| 003 | CL-VaPUC | ||
| 008 | 951020e19620000FR |||||||||||||||||fre|d | ||
| 082 | 0 | 4 | |a 320.1 |b ROU |2 21 |
| 100 | |a Rousseau, Jean Jacques |e autor |9 255697 | ||
| 245 | 1 | 0 | |a Du contrat social |
| 246 | 1 | 0 | |a Principes du droit politique |
| 300 | |a 506 p | ||
| 942 | |c BK | ||
| 945 | |d 19951020 00:00:00 |a cmena | ||
| 260 | |a París |b Garnier Frères |c 1962 | ||
| 650 | 0 | |a Filosofía francesa |9 255698 | |
| 650 | 0 | |a Ciencias Políticas |9 255201 | |
| 650 | 0 | |a Derechos humanos |9 223025 | |
| 650 | 0 | |a Doctrinas políticas |9 255835 | |
| 650 | 7 | |a SISTEMAS POLITICOS |2 CL-VaPUC |9 347049 | |
| 583 | |a last modification |c 19951020 00:00:00 |k Rodrigo Vera | ||
| 490 | 0 | |a Classiques Garnier | |
| 999 | |c 239743 |d 239741 | ||
| 952 | |0 0 |1 0 |4 0 |6 320_100000000000000_ROU_1962 |7 0 |8 P |9 251121 |a BIBEDU |b BIBEDU |c BIBEDU_PB |d 2019-11-18 |i 1584715 |o 320.1 ROU 1962 |p 1584715 |r 2024-01-25 |w 2019-11-18 |y BK |k FIL | ||